000
00299 a2200145 4500
001
156077
040
_c
Escola São Tomás de Aquino
240
1
0
_a
Literatura
_l
por
245
1
0
_a
Literatura
300
_a
224
362
0
_a
2015
440
1
_a
Moderna
697
_a
Língua portuguesa
942
_c
BK
999
_c
156077
_d
156077